ბათუმის შოთა რუსთაველის სახელმწიფო უნივერსიტეტის ბიბლიოთეკა

Психология и культура (ბიბ.ჩანაწერი № 35154)

000 -LEADER
fixed length control field 00695nam a2200241Ia 4500
001 - CONTROL NUMBER
control field 996
003 - CONTROL NUMBER IDENTIFIER
control field GE_BSU
008 - FIXED-LENGTH DATA ELEMENTS--GENERAL INFORMATION
fixed length control field 181216s||||||||xx |||||||||||||| ||und||
020 ## - INTERNATIONAL STANDARD BOOK NUMBER
International Standard Book Number 5947233622
040 ## - CATALOGING SOURCE
Transcribing agency GE_BSU
080 ## - UNIVERSAL DECIMAL CLASSIFICATION NUMBER
Universal Decimal Classification number 159.9:008
245 ## - TITLE STATEMENT
Title Психология и культура
245 ## - TITLE STATEMENT
Remainder of title Под ред.Девида Мацумото.Научн. ред. перевода на русск. яз.А.С. Кармин
260 ## - PUBLICATION, DISTRIBUTION, ETC.
Place of publication, distribution, etc. СПБ
260 ## - PUBLICATION, DISTRIBUTION, ETC.
Name of publisher, distributor, etc. Питер
260 ## - PUBLICATION, DISTRIBUTION, ETC.
Date of publication, distribution, etc. 2003
300 ## - PHYSICAL DESCRIPTION
Extent 718стр.
653 ## - INDEX TERM--UNCONTROLLED
Uncontrolled term психология
653 ## - INDEX TERM--UNCONTROLLED
Uncontrolled term Психология и культура
653 ## - INDEX TERM--UNCONTROLLED
Uncontrolled term ფსიქოლოგია
942 ## - ADDED ENTRY ELEMENTS (KOHA)
Koha item type წიგნი
ეგზემპლარები
Withdrawn status Lost status Damaged status Not for loan Date acquired Barcode Date last seen Price effective from Koha item type Public note
        2018-12-17 1143 2018-12-17 2018-12-17 წიგნი დარბაზი